000 00815nam a2200229 a 4500
999 _c2329
_d2329
001 2329
003 BD-JhCC
005 20171101212647.0
008 171101s2005 bg |||| |||| 000 0 ben d
035 _a(BD-JhCC)2329
040 _aBD-JhCC
_dBD-JhCC
041 _aben
082 _a121.8
_bISL 2005
100 _aইসলাম, আমিনুল
245 _aমূল্যবোধ ও মানবতা /
_cড. আমিনুল ইসলাম; এ বি এম শহিদুল ইসলাম (সম্পাদনা)
260 _aঢাকা :
_bউত্তরণ ;
_c২০০৫
300 _a২৭২ পৃ. ;
_c২২ সে.মি.
650 _aSocial ethics
650 _aCollection of Essays
700 _aইসলাম, এ বি এম শহিদুল
942 _2ddc
_cBK